000 01640nam0a2200385 4500
001 RU\NLR\bibl\1478665
005 20260406015335.0
010 _a978-5-93286-180-6
_93500
021 _aRU
_b2009-107532
_96861
035 _a(nilc)RSL-KNO-004563734
035 _a(NLR Aleph) 001470327
090 _a1639513
_c1639513
100 _a20100114d2010 |||y0rusy50 ca
101 1 _arus
_ceng
102 _aRU
105 _aa |||||||||
200 1 _aMac OS X Snow Leopard
_eосновное руководство
_fДэвид Пог
_g[пер. с англ. С. Маккавеева]
210 _aСанкт-Петербург
_cСимпл-Плюс
_aМосква
_cСимвол
_d2010 [т.е. 2009 ]
215 _a892 с.
_cил.
_d24
300 _aЗагл. и авт. ориг.: Mac OS X Snow Leopard/ David Pogue
300 _aКн. фактически издана в 2009 г.
320 _aАлф. указ.: с. 876-892
454 0 _12001#$aMac OS X Snow Leopard$fDavid Pogue
_1700#1$aPogue$bD.$gDavid$f1963-$3RU\NLR\AUTH\770208162$4070
_tMac OS X Snow Leopard
_aPogue, David (1963-)
606 1 _aMAC OS X SNOW LEOPARD, операционная система
_jРуководства, пособия и т.п.
_92610016
_3RU\NLR\auth\661546574
686 _aЗ973.26-018.2,0
_2rubbk
686 _aЗ973.23-018.2я7
700 1 _4070
_8rus
_7ca
_aПог
_bД.
_f1963-
_gДэвид
_3RU\NLR\AUTH\77120815
_9103740
801 0 _aRU
_bRuMoRGB
_c20100114
_grcr
801 1 _aRU
_bRuMoRGB
_c20100114
801 2 _aRU
_bNLR
_c20100301
_grcr
830 _aавт. по кн.
942 _cBOOK
980 _aNB